Piłkarze Reprezentacji Polskiej (2024) - Statystyki

Ogólne statystyki
  • Ten quiz został rozwiązany 313 razy
  • Średni wynik to 13 z 27
Statystyki odpowiedzi
Hint Odpowiedź % Poprawnych
Napastnik Lewandowski
92%
Bramkarz Bułka
89%
Bramkarz Skorupski
88%
Pomocnik Zalewski
81%
Pomocnik Zieliński
80%
Obrońca Bednarek
76%
Napastnik Świderski
67%
Napastnik Piątek
66%
Obrońca Kiwior
65%
Bramkarz Drągowski
55%
Pomocnik Szymański
54%
Obrońca Dawidowicz
50%
Pomocnik Urbański
46%
Pomocnik Moder
45%
Pomocnik Frankowski
43%
Obrońca Piątkowski
43%
Obrońca Puchacz
43%
Obrońca Bereszyński
38%
Pomocnik Kamiński
35%
Bramkarz* Mrozek
34%
Obrońca Walukiewicz
32%
Pomocnik Piotrowski
23%
Pomocnik Oyedele
21%
Pomocnik Kapustka
18%
Pomocnik Ameyaw
14%
Napastnik Kozłowski
4%
Obrońca Skrzypczak
4%
Nie znaleziono quizów pasujących do podanych kryteriów
Rozkład punktacji
Procent ludzi z każdym wynikiem
Percentyl według liczby udzielonych odpowiedzi
Twoja historia wyników
Nie rozwiązałeś tego quizu